000 00918nam a22002417a 4500
001 47646
003 BD-RjUL
005 20211209054346.0
008 160809s1985 bg ||||| |||| 00| 0 ben d
020 _c: TK 70.00
035 _a(BD-RjUL)47765
040 _aBD-RjUL
_bben
_cBD-RjUL
041 _aben
082 _223
_a639.2
_bSHB 1985
100 _aশফি, মোহাম্মদ
_9144586
245 1 0 _aব্যবহারিক মাৎস্যবিজ্ঞান /
_cমোহাম্মদ শফি
260 _aঢাকা :
_bবাংলা একডেমী,
_c১৯৮৫
300 _a[১২], ২১১ পৃ. :
_bচিত্র ;
_c২১ সেমি.
650 _aব্যবহারিক মাৎস্য
_9144791
650 _aPractical Fisheries
_9144792
700 _aকুদ্দুস, মুহম্মদ আব্দুল
_9144589
942 _2ddc
_cBK
999 _c47646
_d47646